000 00667nam a2200229 i 4500
001 C2-0243306
003 PPAK
005 20180727205021.0
008 021020s1988 my |||| ||||| | may d
040 _aPPAK
_beng
_cPPAK
_erda
082 0 4 _a370.15
_223
090 0 0 _a370.15
_bCIK
_dKAM
100 0 _aCik Anisah Che Ngah,
_eauthor
245 1 0 _aAuthoriti institusi pendidikan dalam aspek perundangan
264 1 _aSerdang, Selangor :
_bUniversiti Pertanian Malaysia ,
_c1988
300 _a9 pages ;
_c30 cm
336 _2rdacontent
_atext
337 _2rdamedia
_aunmediated
338 _2rdacarrier
_avolume
650 1 0 _aStudents - Psychology
942 _ddc
_cB
999 _c57871
_d57871